Statistiche per Paesi più vicini al Togo

Clicka qui per fare il quiz!

Statistiche generali

  • Questo quiz è stato fatto 39 volte
  • Il punteggio medio è 17 su 20

Statistiche sulle risposte

kmnazione% Corretto
0Ghana
97%
191Niger
97%
101Nigeria
97%
393Mali
92%
757Mauritania
92%
0Benin
89%
0Burkina Faso
89%
1359Ciad
89%
319Côte d'Ivoire
89%
1231Senegal
89%
875Guinea
86%
1355Congo
84%
886Liberia
84%
1160Sierra Leone
84%
1395Repubblica
Centrafricana
81%
763Camerun
78%
1044Gabon
78%
803Sao Tome e Principe
78%
801Guinea Equatoriale
73%
925Algeria
70%

Distribuzione punteggi

Percentile per numero di risposta

Percentuale di utenti per punteggio

I tuoi punteggi nel tempo

Non hai fatto questo quiz